[Event "Madrid Magistral 7th"]
[Site "Madrid"]
[Date "1998.05.20"]
[Round "8"]
[White "Leko, Peter"]
[Black "Illescas Cordoba, Miguel"]
[Result "1/2-1/2"]
[WhiteElo "2670"]
[BlackElo "2600"]
[Annotator "Rogozenco,D"]
[PlyCount "67"]
[EventDate "1998.05.11"]
[EventType "tourn"]
[EventRounds "9"]
[EventCountry "ESP"]
[EventCategory "17"]
[SourceTitle "CBM 065"]
[Source "ChessBase"]
[SourceDate "1998.08.06"]
[SourceVersion "1"]
[SourceVersionDate "1998.08.06"]
[SourceQuality "1"]

1. e4 {Manor,I} c5 2. Nf3 Nc6 (2... e6 {Manor,I} 3. d4 cxd4 4. Nxd4 Nf6 5. Nc3
Nc6 6. Ndb5 d6 7. Bf4 e5 8. Bg5 a6 9. Na3 b5 10. Nd5 Be7 11. Bxf6 Bxf6 12. c3
Rb8 13. Nc2 Bg5 14. a4 bxa4 15. Ncb4 Bd7 16. Bxa6 Nxb4 17. Nxb4 Qa5 18. Qd5
Qxd5 19. exd5 O-O 20. O-O e4 21. Ra2 Rb6 22. Be2 f5 23. Bd1 Bb5 24. Rxa4 Bxa4
25. Bxa4 Ra8 26. Bc6 Ra7 27. g3 {Wallace,J-Rogozenko,D/Budapest FS05 GM 1995/
0-1 (61)}) 3. d4 cxd4 4. Nxd4 Nf6 5. Nc3 e5 6. Ndb5 d6 7. Bg5 a6 8. Na3 b5 9.
Nd5 Be7 10. Bxf6 Bxf6 11. c3 Rb8 12. Nc2 Bg5 {With such move order Black tries
to avoid both h2-h4 and a2-a4. However, the practice has shown that 13.a4 here
is the strongest move anyway.} 13. a4 {The only way to fight for advantage.} (
13. a3 a5 $6 (13... O-O 14. h4 (14. Ncb4 Bb7 $11 {/\a5.}) (14. Bd3 Be6 (14...
Ne7 15. Nxe7+ Qxe7 16. Nb4 Bb7 17. Bc2 $1 $14)) 14... Bh6 15. g3 a5 16. Bg2 (
16. Bh3 Be6) (16. b4 Ne7) (16. Bd3 Ne7 17. Nxe7+ Qxe7 18. Qe2 f5 $5 19. exf5 d5
$13) 16... Ne7 $11) 14. Bd3 O-O 15. Qe2 $14 {Nisipeanu-Rogozenko/Bucharest/1995
}) (13. Qf3 $5 Be6 14. Rd1 O-O (14... a5 $11) 15. h4 Bh6 16. g4 Bf4 17. Nxf4
exf4 18. Qxf4 Ne5 $44 19. Ne3 Bxa2 (19... b4 $1 20. c4 b3 21. a3 Qa5+ 22. Rd2
Rfc8 $36) 20. Nf5 Rb6 21. Be2 Re8 22. Rd4 d5 23. exd5 Bxd5 $2 (23... Bc4 $1 $13
) 24. O-O Qa8 25. Qg5 $1 $16 {Varavin-Rogozenko/Budapest/1995}) 13... bxa4 14.
Ncb4 Nxb4 15. Nxb4 (15. cxb4 Bd7 16. Bxa6 O-O 17. O-O (17. b3 Ra8 $1 $15 {
Schmuter-Sutovskij/ Rishon le Zion/1994} (17... Ra8 {Manor,I} 18. Bc4 axb3 19.
Bxb3 Bb5 20. h4 Rxa1 21. Qxa1 Bxh4 22. Nc3 Qg5 23. g3 Bxg3 24. Kd1 Qg4+ 25. Kc2
Bxf2 26. Qd1 Qg2 27. Nxb5 Bg1+ 28. Kd3 Qxh1 29. Nxd6 Qh3+ 30. Kc2 Bd4 {0-1
Shmuter,L-Sutovskij,E/Rishon le Zion 1994})) 17... Bc6 18. Rxa4 $1 Bxa4 19.
Qxa4 g6 20. Qc6 Bd2 21. b5 Ba5 $13 {Barua-Lalic/Ubeda/1998}) 15... Bd7 (15...
Bb7 $2 16. Qxa4+ Qd7 17. f3 Qxa4 18. Rxa4 O-O 19. Bxa6 Bxa6 20. Rxa6 Bc1 21.
Kd1 $1 Be3 22. Kc2 $18 {Ahn,M-Jelen,I/EU-chJM U18/1992}) (15... O-O {Manor,I}
16. Nc6 Qb6 17. Nxb8 Qxb2 18. Be2 Qxc3+ 19. Kf1 Be6 20. h4 Bh6 21. Nxa6 a3 22.
g3 a2 23. Kg2 Bd2 24. Qa4 Qb2 25. Nc7 Bb3 26. Qb5 Bc3 27. Bc4 Bd4 28. Rhf1 {
1-0 Nunn,J-Borik,O/Dortmund 1979}) 16. Bxa6 Qa5 (16... O-O 17. O-O Be7 $14 (
17... Be7 {Manor,I} 18. Qe2 Kh8 19. Kh1 g6 20. Rad1 Qe8 21. Rd5 (21. Qe3 f5 22.
exf5 gxf5 23. f4 Bc6 24. Bc4 Be4 25. Bd5 exf4 26. Qxf4 Qg6 27. Qg3 Qxg3 28.
hxg3 Rf6 29. Rfe1 Rh6+ 30. Kg1 Bd8 31. Bxe4 Bb6+ 32. Kf1 fxe4 33. Rxe4 $14 {
1-0 Jansa,V-Milicevic,P/Kragujevac 1984 (58)}) 21... f5 22. exf5 gxf5 23. f4
exf4 24. Qf2 Bc6 25. Rd2 Be4 $15 {0-1 Chandler,M-Simic,R/Rakovica 1982 (45)}))
17. Qxd6 Rb6 18. Qd3 Be7 $5 {An important novelty. I analysed this move
several years ago and I thought it´s not enough for equality. In my comments I
evaluated the position after 20.0-0 as better for White. Well, this game shows
that the position must be very close to equal.} (18... Rxb4 $2 19. cxb4 Qxb4+
20. Kf1 Bc6 21. h4 $16 {Aseev-Volzhin/RUS-ch/Elista/96} (21. h4 {Manor,I} Bh6
22. Qc2 Qb6 23. Bc4 O-O 24. Rh3 $18 {1-0 Aseev,K-Volzhin,A/RUS-ch 1996 (27)}))
(18... Be6 19. O-O O-O 20. Bc4 Rd8 21. Bd5 (21. Nd5 Rxb2 $11) 21... Be7 22. Qd1
$1 $16 {Belotti-Komarov/Asti/94} (22. Qc2 Bxb4 23. Rxa4 Qc5 $11)) 19. Nd5 Rxb2
(19... Rxa6 $4 20. Qxa6 Qxa6 21. Nc7+ $18 (21. Nc7+ {Manor,I} Kd8 22. Nxa6 Bb5
23. Nb4 $18)) 20. O-O (20. Nxe7 $143 Kxe7 21. O-O-O Rhb8 $1 22. Qxd7+ Kf8 23.
Qd6+ Kg8 $40) 20... Qc5 (20... Bc5 $2 {Manor,I} 21. Qg3 $16) (20... Bg5 $5 {
Manor,I} 21. Qg3 f6 22. h4 Bh6) (20... Bd8 $5 {Manor,I} 21. Rab1 Rxb1 (21... a3
22. Rxb2 axb2 23. Rb1 Qa1 24. Bb5 $1) 22. Rxb1 O-O $13) 21. Rab1 (21. Qg3 {
Important move for evaluation of the whole line.} O-O 22. Qxe5 Bd6 23. Qd4 (23.
Qg5 $2 Bxh2+ 24. Kxh2 Qd6+ 25. Kg1 Qxa6) (23. Qh5 f5 $44 24. Bd3 $2 Rxf2 25.
Rxf2 fxe4 $132) 23... Re8 $5 24. Bd3 Bc6 {Black has compensation for the pawn,
which is probably enough for draw.}) 21... Rxb1 (21... a3 {Manor,I} 22. Rxb2
axb2 23. Rb1 Qa3 24. Bb5) 22. Rxb1 O-O 23. Bb5 (23. Rb7 Rd8 24. Bb5 Bxb5 25.
Rxb5 (25. Qxb5 Qxb5 26. Rxb5 Bf8 27. Ra5 a3 $11) 25... Qa7 $15) (23. Qg3 Bc6 $5
24. Qxe5 Bxd5 25. exd5 Bf6 26. Qe4 a3 $36) 23... Be8 {Unusual and interesting
move. Instead of taking on b5 and improving position of White´s pieses, Black
exchanges the Bishops on e8 and improves the position of his own Rook.} (23...
Be6 {Manor,I} 24. Bxa4 (24. Nxe7+ Qxe7 25. Bxa4 $14) 24... Bxd5 25. exd5 $14) (
23... Bxb5 {Manor,I} 24. Rxb5 Qa3 (24... Qa7 25. Qe3 Qd7 (25... Ra8 26. Qxa7
Rxa7 27. Nxe7+ Rxe7 28. Rb8+) 26. Ra5 Rb8 27. g3 Bf8 28. Kg2 a3 $13) 25. g3 (
25. Ra5 Rb8 26. Nxe7+ Qxe7 27. Rxa4 Qd7 $1) 25... Ra8 26. Qc4 Bf8 27. Rb7 $40)
24. Bxe8 Rxe8 25. Rb7 Bg5 (25... Bf8 $5 26. Qg3 Re6) 26. Qg3 Qa3 27. h4 Qc1+
28. Kh2 Bf4 29. Nxf4 exf4 (29... Qxf4 $2 30. Qxf4 exf4 31. Ra7 $16) 30. Qd3 Qe1
31. Qd5 Rf8 32. Qd4 Qe2 33. Ra7 Qg4 34. Qxa4 1/2-1/2

[Event "RUS-ch qual 57th"]
[Site "Tomsk"]
[Date "2004.05.25"]
[Round "3"]
[White "Belozerov, Andrei"]
[Black "Filippov, Valerij"]
[Result "0-1"]
[WhiteElo "2552"]
[BlackElo "2639"]
[Annotator "Rogozenco,D"]
[PlyCount "70"]
[EventDate "2004.05.23"]
[EventType "swiss"]
[EventRounds "9"]
[EventCountry "RUS"]
[SourceTitle "CBM 102"]
[Source "ChessBase"]
[SourceDate "2004.09.23"]
[SourceVersion "1"]
[SourceVersionDate "2004.09.23"]
[SourceQuality "1"]

1. e4 c5 2. Nf3 Nc6 3. d4 cxd4 4. Nxd4 Nf6 5. Nc3 e5 6. Ndb5 d6 7. Nd5 Nxd5 8.
exd5 Nb8 9. c4 a6 10. Nc3 Be7 11. Bd3 O-O 12. O-O f5 13. f3 Bg5 14. Kh1 Nd7 15.
b4 a5 16. a3 axb4 17. Bxg5 Qxg5 18. axb4 Rxa1 19. Qxa1 Qe3 20. Be2 {Leko's
move played for the first time in 2002 was regarded as a very strong novelty,
setting big problems for Black. However, later Black players found a forced
way to neutralize it.} Nb8 $1 $146 {[%mdl 8] An impressive novelty, keeping
the tension of the game. The alternative 20...b5 is considered enough for
Black to equalize, but on the other hand it leads only to a draw. Filippov's
move heads for more than that. The knight will be perfectly placed on a6.} (
20... b5 {This leads to draw almost by force:} 21. Qc1 Qxc1 22. Rxc1 bxc4 23.
Nb5 Bb7 (23... Nb6 24. Nxd6 Rd8 25. Nxc4 Nxd5 26. b5 Nf4 {is also possible})
24. Bxc4 (24. Nxd6 Bxd5 25. Bxc4 Bxc4 26. Rxc4 e4 $11) 24... Rf6 25. Nc7 Nb6
26. Bb5 Rf7 $11 {1/2-1/2 Kasimdzhanov,R-Smirnov,P/Rethymnon 2003 (35)}) (20...
e4 $6 21. Qc1 Qb6 22. fxe4 fxe4 23. Rxf8+ Nxf8 24. Nb5 $16 {1-0 Leko,
P-Krasenkow,M/Essen 2002 (41)}) 21. Qc1 ({No time for} 21. Qa3 Na6 22. c5 dxc5
23. Bxa6 {because of the obvious intermezzo} cxb4 (23... bxa6 $2 24. bxc5 $16))
21... Qb6 (21... Qxc1 22. Rxc1 Na6 23. Nb5 Rd8 24. c5 $1 $36) 22. Qa3 Na6 23.
Rb1 (23. b5 Nc5 $17) 23... Qf2 24. Qb2 Bd7 25. Bf1 ({Again} 25. c5 $2 {does
not work:} dxc5 26. Bxa6 Qxb2 27. Rxb2 cxb4 {[%csl Ra6,Rc3]}) 25... Qd4 {
Black's position already looks preferable.} 26. Rd1 Qb6 27. Rb1 e4 $1 28. f4 (
28. fxe4 fxe4 {[%cal Gf8f2]} 29. Nxe4 Bf5 $44) 28... Qe3 29. Ne2 (29. g3 $15)
29... Rc8 30. Ng3 (30. Qd4 Qd3 $1 $17) 30... g6 (30... Qxf4 31. Qxg7+ (31. Qd4
$5 g6 32. Qb6 $44) 31... Kxg7 32. Nh5+ Kf7 33. Nxf4 Kf6 $15) 31. Qf6 Qxf4 32.
Qe7 $2 (32. c5 $1 {was White's only chance to create counterplay.} Rf8 $5 (
32... dxc5 $2 33. Bxa6 bxa6 34. bxc5 $16) 33. Qe7 Nb8 $13) 32... Nb8 $1 33. c5
Re8 34. Qf6 (34. Qxd6 Qxd6 35. cxd6 Kf7 $17 {[%cal Gf7f6]}) 34... Qe5 35. Qh4
$2 (35. Qxe5 Rxe5 36. Ra1 $44) 35... f4 (35... f4 36. Ne2 g5 {Being a pawn up,
Black also has a large positional advantage.}) 0-1

[Event "Czerniak Memorial 13th"]
[Site "Tel Aviv"]
[Date "1997.??.??"]
[Round "11"]
[White "David, Alberto"]
[Black "Manor, Ilan"]
[Result "1/2-1/2"]
[WhiteElo "2455"]
[BlackElo "2525"]
[Annotator "Rogozenco,D"]
[PlyCount "74"]
[EventDate "1997.04.04"]
[EventType "tourn"]
[EventRounds "11"]
[EventCountry "ISR"]
[EventCategory "10"]
[SourceTitle "CBM 059"]
[Source "ChessBase"]
[SourceDate "1997.08.01"]
[SourceVersion "1"]
[SourceVersionDate "1997.08.01"]
[SourceQuality "1"]

1. e4 {Horvath,T} c5 2. Nf3 e6 3. d4 cxd4 4. Nxd4 Nf6 5. Nc3 Nc6 6. Ndb5 d6 7.
Bf4 e5 8. Bg5 a6 9. Na3 b5 10. Bxf6 gxf6 11. Nd5 Bg7 12. c3 f5 13. exf5 Bxf5
14. Nc2 O-O (14... Be6 15. Nce3 Ne7) 15. Nce3 Be6 16. Bd3 f5 17. O-O {Die
Topalov's Zug Bc2, oder die altmodische Qh5 sind besser.} (17. Qh5 {Horvath,T}
e4 (17... Qd7 $5 18. Nb6 $6 Qe8) 18. Bc2 Ne5 (18... Ne7 19. Bb3 Nxd5 20. Nxd5
a5 21. Nf4 Bxb3 22. axb3 Qe7 $10 {Adams-Beljavskij /Debrecen/1992}) 19. Nf4 Qd7
$1 20. O-O Rab8 $13) 17... Rb8 $146 {A new approach in this position. Instead
of fighting for d5-square, which is consedered the most importand thing in
such positions, Black tries first to create counterplay on the queenside.
Considering the fact that White usually has better chances to keep control
over d5-square, such an approach seems resonable.} (17... Ne7 18. Nxe7+ Qxe7
19. Bc2 Rac8 20. Bb3 $14 {Lutz-Salai/Yerevan/olm/1996/}) 18. Qh5 Qd7 19. Rad1
Kh8 20. Bc2 b4 21. Nc4 {Probably not the best way. White loses for a while the
control over d5-square and Black has the possibility to advance his central
points.} (21. Bb3 $6 bxc3 22. bxc3 Na5 $15 (22... f4 $2 23. Bc2 Bf6 24. Nxf6
Rxf6 25. Nd5 $16)) (21. Ba4 $5 bxc3 22. bxc3 Qb7 $13) 21... bxc3 22. bxc3 Bxd5
23. Rxd5 Qe6 24. Ne3 Ne7 25. Rd2 e4 (25... d5 26. Rfd1 d4 27. cxd4 exd4 $13)
26. Bb3 Rxb3 27. axb3 Bxc3 28. Rc2 Bg7 $44 29. Rd1 d5 30. g4 d4 (30... f4 31.
Nxd5 Nxd5 32. Rxd5 e3 $13 (32... e3 {Horvath,T} 33. fxe3 fxe3 (33... Qxe3+ $5
34. Rf2 Bd4 $15) 34. Re2 Qe4 $36)) 31. Nxf5 Nxf5 (31... d3 {Horvath,T} 32. Rc5
Qxb3 33. Ne3 Qb2 $44) 32. gxf5 Rxf5 33. Rc6 (33. Qg4 h6 $44) 33... Qd7 34. Qg4
Qxc6 (34... h6 $2 35. Rg6 $16) 35. Qxf5 d3 36. Qf4 Bh6 37. Qe5+ Kg8 1/2-1/2

[Event "EU-ch 6th"]
[Site "Warsaw"]
[Date "2005.06.30"]
[Round "12"]
[White "Areshchenko, Alexander"]
[Black "Moiseenko, Alexander"]
[Result "0-1"]
[WhiteElo "2595"]
[BlackElo "2665"]
[Annotator "Rogozenco,D"]
[PlyCount "98"]
[EventDate "2005.06.18"]
[EventType "swiss"]
[EventRounds "13"]
[EventCountry "POL"]
[SourceTitle "CBM 108"]
[Source "ChessBase"]
[SourceDate "2005.09.26"]
[SourceVersion "1"]
[SourceVersionDate "2005.09.26"]
[SourceQuality "1"]

1. e4 c5 2. Nf3 Nc6 3. d4 cxd4 4. Nxd4 e5 5. Nb5 d6 6. N1c3 Nf6 7. Bg5 a6 8.
Na3 b5 9. Bxf6 gxf6 10. Nd5 f5 11. Bd3 Be6 12. Qh5 Rg8 13. g3 h6 {A rare
variation, which, however, requires good knowledge from White.} 14. c3 Bxd5 (
14... fxe4 $5 $13) 15. exd5 Ne7 16. Nc2 (16. Qd1 $142 e4 (16... Qb6 17. Nc2 Qc5
18. a4 Nxd5 19. axb5 a5 20. Bxf5 Nc7 21. Qd3 Nxb5 22. Be4 Ra7 23. O-O $18 {
1-0 Karkuth,S-Firnhaber,I/Germany 1994 (32)}) 17. Be2 Bg7 18. Nc2 Qb6 19. a4
$14 {0-1 Sideif_Sade,F-Dolmatov,S/USSR 1979 (43)}) (16. O-O $5) 16... e4 17.
Be2 {Another natural-looking move (after 16.Nc2) allows Black to drive away
White's queen to h3.} (17. Bf1 $5 Nxd5 (17... Rg5 $6 18. Qd1 $16) 18. a4 $44 (
18. Qxf5 $2 Rg5 $36)) 17... Rg5 $1 18. Qh3 Bg7 $13 {As a result of having the
queen on h3, now instead of bothering Black on the queenside by means of a2-a4,
White should think of bringing back the queen into play.} 19. f4 (19. a4 bxa4
20. Rxa4 Rb8 $132 {[%csl Rh3]}) 19... exf3 ({Another playable option was} 19...
Rg6 20. Qf1 Qb6 (20... Nxd5 21. Bxb5+ $1) 21. O-O-O Rc8 22. Kb1 Kf8 $13) 20.
Bxf3 Qb6 21. Qf1 Kf8 22. O-O-O ({More cautious is} 22. Qf2 {with mutual
chances. For instance the following variation is bad for Black:} Qxf2+ $2 23.
Kxf2 f4 $2 24. gxf4 Rf5 25. Kg3 Ng6 26. Be4 Rxf4 27. Bxg6 Be5 28. Bh5 $18)
22... a5 23. Kb1 {In this complicated position Black's chances look slightly
preferable thanks to the possibilities to attack opponent's king.} (23. Qg1 Qb7
24. Nd4 b4 25. c4 f4 $13) 23... Ng6 (23... b4 $5) 24. Be2 {The bishop goes to
help the king. But then White will start having problems protecting his
kingside.} (24. Nd4 b4 25. h4 bxc3 26. Rh2 Rxg3 27. Nxf5 Rc8 $5 {Black has an
obvious attack. For example:} 28. Rc2 (28. Nxg3 c2+ 29. Rxc2 Rxc2 30. Kxc2
Qxb2+ 31. Kd3 Qc3+ 32. Ke2 (32. Ke4 Qe5+ 33. Kd3 Nf4+ 34. Kc4 Qe8 $19) 32...
Nf4+ 33. Kf2 Qc5+ 34. Ke1 Bc3+ 35. Rd2 Qe3+ $19) 28... Ne5 29. Be2 ({Black
wins after} 29. Nxg3 Nc4) 29... Rg6 $15) 24... b4 25. cxb4 ({White is also
worse after} 25. c4 b3 26. axb3 Qxb3 27. Nd4 Bxd4 (27... Qb6 $6 28. Nb5 $13) (
27... Qb4 $5 28. Qe1 Qxe1 29. Rhxe1 f4 30. Nf3 Rb8 31. Nxg5 Rxb2+ 32. Kc1 hxg5
33. Rd2 Rb3 34. Ra2 fxg3 35. hxg3 Rxg3 36. Rxa5 Bd4 $44) 28. Rxd4 Rb8 $40)
25... axb4 26. Bc4 f4 $1 27. gxf4 Rf5 {Now all black pieces work out perfectly.
} 28. Bb3 Rxf4 29. Qg1 Qd8 $1 {The queen will attack the king from f6.} ({After
} 29... Qxg1 30. Rhxg1 Be5 {in spite of Black's advantage White would have had
an easier defence.}) 30. Rd2 Qf6 31. Ne3 Ne5 $17 32. Qc1 Re8 (32... h5 33. Rc2
$1 {and Rc8+}) 33. Ba4 Rd8 34. Rf1 (34. Rc2 Nd3 $17) 34... h5 {[%cal Gg7h6]}
35. Rc2 $2 (35. Rxf4 $142 Qxf4 36. Re2 $15 {/-/+}) 35... Nd3 $1 36. Rxf4 Qxf4
37. Qd2 Nc5 38. Bb5 b3 $1 (38... Bh6 39. Nf1 $1 Qxf1+ 40. Bxf1 Bxd2 41. Rxd2
Re8 42. Kc2 $15) 39. axb3 Nxb3 40. Qf2 ({Somewhat more stubborn was} 40. Qd3
Nd4 41. Rc4 {although Black has a clear advantage after} Qe5 42. Ba4 Rb8) 40...
Qe4 $19 {White is helpless against multiple threats, such as ...Nd4, ...Bd4
and ...Ra8.} 41. Bc6 Bd4 42. Ka2 Bxe3 43. Qf6 Qxc2 44. Qxd8+ Kg7 45. Qxd6 Nc1+
46. Ka1 Nd3 47. Qg3+ Kh7 48. Qb8 Bd4 49. Ka2 Nc1+ (49... Nc1+ 50. Ka1 Nb3+ 51.
Ka2 Qxb2#) 0-1

[Event "Alushta Autumn 1st"]
[Site "Alushta"]
[Date "2004.09.02"]
[Round "8"]
[White "Vokarev, Sergey"]
[Black "Kuzubov, Yuriy"]
[Result "0-1"]
[WhiteElo "2529"]
[BlackElo "2467"]
[Annotator "Rogozenco,D"]
[PlyCount "80"]
[EventDate "2004.08.28"]
[EventType "tourn"]
[EventRounds "15"]
[EventCountry "UKR"]
[EventCategory "9"]
[SourceTitle "CBM 103"]
[Source "ChessBase"]
[SourceDate "2004.11.11"]
[SourceVersion "1"]
[SourceVersionDate "2004.11.11"]
[SourceQuality "1"]

1. e4 c5 2. Nf3 Nc6 3. d4 cxd4 4. Nxd4 Nf6 5. Nc3 e5 6. Ndb5 d6 7. Bg5 a6 8.
Na3 b5 9. Bxf6 gxf6 10. Nd5 f5 11. g3 Bg7 (11... fxe4) 12. Bg2 f4 $5 {A highly
curious possibility to avoid main lines connected with f5xe4. Usually such an
advance is not a good idea for Black (since it releases the tension in the
center and thus offers White free hand to play on the queenside by means of c3,
Nc2,a4), especially here, after White's g2-g3, but on the other hand with
white bishop on g2 it makes sense to keep the diagonal a8-h1 closed. Moreover,
White's fianchettoed bishop does not support the standard play with a2-a4.} (
12... fxe4 13. Bxe4 Be6 14. Qh5 {is the main line.}) 13. c3 (13. Qh5 O-O (13...
Be6 14. c3 Rb8 15. Nc2 a5 16. a3 O-O 17. Rd1 Qd7 18. Bf3 f5 19. gxf4 exf4 20.
Rg1 Rbe8 21. Qg5 Ne5 22. Bh5 Bxd5 23. Rxd5 Re7 $13 {1-0 Sapa,W-Galicki,R/
Jurajski mem1 corr9092 (39)}) 14. O-O Ne7 $11 {1/2-1/2 Deutschmann,M-Muse,M/
Germany 1983 (61)}) (13. O-O h5 $5 {Black intends to "attack" pawn g3 from
both sides!} 14. h4 Rh6 15. c3 Bg4 16. Qd3 Ne7 17. Nxe7 Qxe7 18. Nc2 Be6 19.
Rfd1 {1/2-1/2 Kotronias,V-Conquest,S/Corfu 1991}) 13... O-O 14. O-O (14. Qh5 $5
) (14. Nc2 Kh8 (14... Be6 15. O-O a5 16. gxf4 exf4 17. Nxf4 b4 $44 {1/2-1/2
Tischbierek,R-Muse,M/Badenweiler 1990 (40)}) 15. Qd3 Bh6 16. a4 bxa4 17. Rxa4
a5 18. O-O Bd7 19. Raa1 f5 20. Rfd1 fxg3 21. fxg3 f4 $132 {1/2-1/2 Zapata,
A-Conquest,S/Cienfuegos 1996 (38)}) 14... Ne7 15. Nxe7+ Qxe7 16. gxf4 $6 {
A serious inaccuracy. It opens the long diagonal for black bishop, offers
opponent excellent square e5, and besides, the opening of the g-file also
favours Black, who can later double rooks using square g6.} (16. Nc2 $142 $11
a5 (16... Kh8 17. Nb4) 17. Qd3 (17. gxf4 {This is not obligatory, but much
better than the main game.} exf4 18. Nd4 {[%csl Rb5]}) (17. Re1 $5) (17. Qh5
$13) 17... Rd8 18. Rfd1 Rb8 19. gxf4 exf4 20. Nd4 {1/2-1/2 Lakos,N-Gara,A/
Budapest 2000}) 16... exf4 17. Nc2 (17. e5 $2 Qg5 (17... Bb7 18. Bxb7 (18. exd6
Qg5 19. f3 Rad8 $17) 18... Qxb7 19. exd6 Rad8 20. Nc2 $15) 18. Kh1 (18. exd6
Bb7 19. f3 Rad8 $17) 18... Bg4 19. Bf3 (19. Qxd6 $2 f3 $19) (19. f3 $6 Be6 20.
exd6 Rad8 $17) 19... Bxf3+ 20. Qxf3 dxe5 $17) 17... Be5 $15 18. Nd4 (18. Kh1
Kh8 19. Rg1 Qh4 $36 (19... f3 $5 20. Qxf3 Qh4 21. h3 f5 $44)) 18... Kh8 19. Kh1
Rg8 20. Rg1 (20. a4 $2 b4 $5 (20... f3 21. Nxf3 $8 (21. Qxf3 $4 Qh4 $19) (21.
Bxf3 $4 Qh4 $19)) (20... bxa4 $5 $15 {[%cal Gc8d7]}) 21. cxb4 Qf6 22. Nf3 Bb7
$44) 20... Bd7 21. Qd3 (21. Bf3 Rg6 $5 (21... Rxg1+ 22. Qxg1 Rg8 23. Qf1 $15)
22. Bh5 $2 Rxg1+ 23. Qxg1 Rg8 {[%csl Re4][%cal Ge5d4]} 24. Qe1 f3 {[%cal Ge7h4]
} 25. Nxf3 Bh3 $19) 21... Rg6 22. Nf5 Qf6 $1 (22... Bxf5 23. exf5 Qh4 24. h3 f3
25. Qxf3 $13) 23. Bf3 Rag8 24. Rad1 (24. Bh5 $2 Rxg1+ 25. Rxg1 Rxg1+ 26. Kxg1
Qg5+ $19) 24... Be6 25. Rxg6 (25. Nxd6 $2 Rxg1+ 26. Rxg1 Rd8 $19) (25. a3 $142
$15) 25... hxg6 $17 26. Nh6 (26. Nxd6 Qh4 $5 {[%cal Gh8g7,Yg8h8]} (26... Rd8 $2
27. Nxf7+ $18) (26... Kh7 {is also good for Black. The threat is ...Rd8.} 27.
Nb7 (27. Qe2 Qe7 $19) 27... g5 $17)) 26... Rg7 27. Ng4 Qh4 $19 28. Nxe5 Rh7 $1
(28... dxe5 $2 29. Qd8+ Qxd8 30. Rxd8+ Rg8 31. Rd6 $15) 29. Ng4 {Black wins by
force, transposing into a pawn endgame.} Bxg4 30. Kg1 Qxh2+ 31. Kf1 Bxf3 32.
Qxf3 Rh3 33. Qg2 (33. Qg4 f3 (33... Qh1+ 34. Ke2 Qxe4+ $19) 34. Rxd6 Qh1+ 35.
Qg1 Rh4 36. Rd3 Qh3+ 37. Ke1 Qg2 $19) 33... Qh1+ 34. Qxh1 Rxh1+ 35. Ke2 Rxd1
36. Kxd1 Kg7 37. Ke2 Kf6 38. Kd3 Ke5 39. b3 g5 40. f3 f5 0-1